00392nam a2200121Ia 45000010005000000080041000050820028000461000060000742450070001342600024002049010027002289990015002552998241024s9999 xx 000 0 und d aRD/379.97293/R426c/2012 aRepública Dominicana.Ministerio de Educación-MINERD 0aCircular orientaciones para el inicio del año escolar 2012-2013 bSanto Domingoc2012 a11/7/2013 3:52:19 p.m. c8270d8270